| 000 | 00861nam a22002177a 4500 | ||
|---|---|---|---|
| 999 |
_c20753 _d20753 |
||
| 003 | AR-CdUCM | ||
| 008 | 190605b ||||| |||| 00| 0 spa d | ||
| 040 |
_aMUNICIPALIDAD PROVINCIAL DEL CUSCO _cBIBLIOTECA MUNICIPAL DEL CUSCO |
||
| 082 |
_a636 / _bAQ65 |
||
| 100 |
_aAquino Quispe, Hilario _943335 |
||
| 245 |
_aEl rebaño mixto familiar : _bEn comunidades pastoriles de la sierra sur del Perú / |
||
| 260 |
_aCusco : _bCBC, _c1997. |
||
| 300 |
_a118 páginas ; _bCuadros, Gráficos _c25 cm. |
||
| 440 |
_aTrabajos del colegio andino _n21 _943336 |
||
| 505 | _aContenido : Ganadería campesina en la cuenca alta de mapacho -- La ganadería andina y el enfoque de sistemas -- El subsistema pecuario en la CAM... | ||
| 650 |
_aGanadería _9321 |
||
| 650 |
_aSistemas de producción _920886 |
||
| 650 |
_aEstructura _941 |
||
| 942 |
_2ddc _cLIBROS |
||
| 945 | _arcc | ||